| 000 | 00757nam a2200229Ia 4500 | ||
|---|---|---|---|
| 003 | GCL | ||
| 005 | 20240530095350.0 | ||
| 008 | 140319s9999 xx 000 0 ara d | ||
| 020 | _a6232227977 | ||
| 040 |
_aGCL / _cGCL |
||
| 082 | 0 | 4 |
_a351 _bق/ص و |
| 100 | 1 | _aصبحى عسيلة | |
| 245 | 1 | 0 |
_aوزارة السياحة / _cصبحى عسيلة |
| 260 |
_aالقاهرة : _bمركز الدراسات السياسية والاستراتيجية - الأهرام ، _c2003 |
||
| 300 |
_a146 ص ؛ _c18 سم |
||
| 490 |
_aالتطور المؤسسى للوزارات المصرية _v0 |
||
| 650 | 0 | 4 | _aالسياحة |
| 650 | 0 | 4 | _aالوزارات |
| 650 | 0 | 4 | _aالوزارات - مصر |
| 650 | 0 | 4 | _aوزارة السياحة |
| 942 |
_2ddc _cBK |
||
| 999 |
_c6510 _d6510 |
||